All Snoop Dogg Songs (Pt. 1: 1993-2011) - Statistics

General Stats
  • This quiz has been taken 55 times
  • The average score is 42 of 485
Answer Stats
Album Songs % Correct
Doggystyle Who Am I? (What's My Name?)
75%
Doggystyle Gin and Juice
68%
R&G (Rhythm & Gangsta): The Masterpiece Drop It Like It's Hot
61%
Welcome 2 Tha Chuuch - Vol. 2 Murda
50%
Doggystyle Murder Was the Case
48%
Doggystyle Tha Shiznit
36%
Malice n Wonderland | Tha Blue Carpet Treatment Mixtape | Tha Doggfather | +3 others Intro
34%
Paid tha Cost to Be da Bo$$ Beautiful
32%
Doggystyle Ain't No Fun (If the Homies Can't Have None)
30%
Doggystyle Doggy Dogg World
30%
Doggystyle G Funk Intro
30%
Doggystyle Lodi Dodi
30%
Doggystyle Bathtub
27%
Welcome 2 Tha Chuuch - Vol. 4 (Sunday School) F**ked Up
27%
Doggystyle Gz and Hustlas
27%
Doggystyle Pump Pump
27%
Doggystyle Serial Killa
27%
Doggystyle For All My N****z & B***hes
25%
Malice n Wonderland | Tha Blue Carpet Treatment Mixtape | Tha Doggfather | +3 others Outro
25%
Welcome 2 Tha Chuuch - Vol. 5 (The Revival) L.A.
23%
Tha Blue Carpet Treatment Vato
23%
No Limit Top Dogg B***h Please
20%
Puff Puff Pass Tuesdays Mixtape Vol. 1 El Lay
20%
Tha Blue Carpet Treatment Mixtape Interlude
20%
Malice n Wonderland I Wanna Rock
18%
R&G (Rhythm & Gangsta): The Masterpiece Let's Get Blown
18%
Tha Last Meal Snoop Dogg (What's My Name Pt. 2)
18%
Tha Blue Carpet Treatment Boss' Life
16%
Tha Doggfather Doggfather
16%
Tha Last Meal Lay Low
16%
Tha Doggfather 2001
14%
Tha Blue Carpet Treatment Imagine
14%
Ego Trippin' Sexual Eruption
14%
Da Game Is to Be Sold, Not to Be Told Still a G Thang
14%
Tha Blue Carpet Treatment 10 Lil' Crips
11%
Da Game Is to Be Sold, Not to Be Told 20 Dollars to My Name
11%
Tha Doggfather Blueberry
11%
Tha Blue Carpet Treatment Mixtape Candy
11%
Tha Blue Carpet Treatment Candy (Drippin' Like Water)
11%
Welcome 2 Tha Chuuch - Vol. 2 F**k That
11%
Paid tha Cost to Be da Bo$$ From tha Chuuuch to da Palace
11%
Da Game Is to Be Sold, Not to Be Told Gin & Juice II
11%
Tha Doggfather Groupie
11%
Tha Blue Carpet Treatment I Wanna Love You
11%
Paid tha Cost to Be da Bo$$ Pimp Slapp'd
11%
Da Game Is to Be Sold, Not to Be Told See Ya When I Get There
11%
R&G (Rhythm & Gangsta): The Masterpiece Signs
11%
Da Game Is to Be Sold, Not to Be Told Snoop World
11%
Paid tha Cost to Be da Bo$$ Stoplight
11%
Tha Blue Carpet Treatment Think About It
11%
R&G (Rhythm & Gangsta): The Masterpiece WBALLZ (Interlude)
11%
Da Game Is to Be Sold, Not to Be Told Woof!
11%
Malice n Wonderland 1800
9%
No Limit Top Dogg 20 Minutes
9%
Malice n Wonderland 2 Minute Warning
9%
Tha Blue Carpet Treatment A B***h I Knew
9%
Da Game Is to Be Sold, Not to Be Told Ain't Nut'in Personal
9%
Paid tha Cost to Be da Bo$$ A Message 2 Fat Cuzz
9%
Paid tha Cost to Be da Bo$$ Ballin'
9%
R&G (Rhythm & Gangsta): The Masterpiece Bang Out
9%
Paid tha Cost to Be da Bo$$ Batman & Robin
9%
Tha Blue Carpet Treatment Beat Up on Yo Pads
9%
No Limit Top Dogg Betta Days
9%
Paid tha Cost to Be da Bo$$ Bo$$ Playa
9%
No Limit Top Dogg Buck 'Em
9%
No Limit Top Dogg Buss'n Rocks
9%
Welcome 2 Tha Chuuch - Vol. 6 (Testify) Can I Getta Flicc
9%
Tha Blue Carpet Treatment Conversation
9%
Tha Blue Carpet Treatment | Tha Blue Carpet Treatment Mixtape Crazy
9%
Paid tha Cost to Be da Bo$$ Da Bo$$ Would Like to See You
9%
Malice n Wonderland Different Languages
9%
Tha Doggfather Doggyland
9%
Da Game Is to Be Sold, Not to Be Told Doggz Gonna Get Ya
9%
Da Game Is to Be Sold, Not to Be Told D.O.G.'s Get Lonely 2
9%
No Limit Top Dogg Doin' Too Much
9%
No Limit Top Dogg Dolomite
9%
No Limit Top Dogg Dolomite Intro
9%
Paid tha Cost to Be da Bo$$ Don Doggy
9%
Da Game Is to Be Sold, Not to Be Told Don't Let Go
9%
Tha Blue Carpet Treatment Don't Stop
9%
No Limit Top Dogg Don't Tell
9%
No Limit Top Dogg Down 4 My N's
9%
Da Game Is to Be Sold, Not to Be Told DP Gangsta
9%
The City Is In Good Hands F**k That Sh*t
9%
Westside Reloaded Freestyle
9%
Tha Doggfather Freestyle Conversation
9%
R&G (Rhythm & Gangsta): The Masterpiece Fresh Pair of Panties On
9%
Paid tha Cost to Be da Bo$$ From Long Beach 2 Brick City
9%
Da Game Is to Be Sold, Not to Be Told Game of Life
9%
Tha Blue Carpet Treatment Gangbangin' 101
9%
Malice n Wonderland Gangsta Luv
9%
No Limit Top Dogg Gangsta Ride
9%
No Limit Top Dogg G Bedtime Stories
9%
Tha Blue Carpet Treatment Get a Light
9%
Da Game Is to Be Sold, Not to Be Told Get Bout It & Rowdy
9%
No Limit Top Dogg Ghetto Symphony
9%
R&G (Rhythm & Gangsta): The Masterpiece Girl Like U
9%
Tha Last Meal Go Away
9%
Tha Doggfather Gold Rush
9%
Doggystyle Gz Up, Hoes Down
9%
Da Game Is to Be Sold, Not to Be Told Hoes, Money & Clout
9%
Paid tha Cost to Be da Bo$$ Hourglass
9%
Da Game Is to Be Sold, Not to Be Told Hustle & Ball
9%
Welcome 2 Tha Chuuch - Vol. 8 (Preach Tabarnacal!) Hustle N Ball
9%
Paid tha Cost to Be da Bo$$ I Believe in You
9%
No Limit Top Dogg I Love My Momma
9%
Paid tha Cost to Be da Bo$$ I Miss That B***h
9%
R&G (Rhythm & Gangsta): The Masterpiece I'm Threw Witchu
9%
R&G (Rhythm & Gangsta): The Masterpiece (Intro) I Love to Give You Light
9%
Tha Blue Carpet Treatment Intrology
9%
No Limit Top Dogg Just Dippin'
9%
Tha Blue Carpet Treatment LAX
9%
Paid tha Cost to Be da Bo$$ Lollipop
9%
Malice n Wonderland Luv Drunk
9%
No Limit Top Dogg My Heat Goes Boom
9%
Ego Trippin' My Medicine
9%
R&G (Rhythm & Gangsta): The Masterpiece No Thang on Me
9%
R&G (Rhythm & Gangsta): The Masterpiece Oh No
9%
Tha Doggfather (O.J.) Wake Up
9%
Ego Trippin' One Chance (Make It Good)
9%
Paid tha Cost to Be da Bo$$ Paper'd Up
9%
No Limit Top Dogg Party With a D.P.G.
9%
R&G (Rhythm & Gangsta): The Masterpiece Pass It Pass It
9%
R&G (Rhythm & Gangsta): The Masterpiece Perfect
9%
Da Game Is to Be Sold, Not to Be Told Picture This
9%
Malice n Wonderland Pimpin Ain't EZ
9%
Ego Trippin' Press Play
9%
R&G (Rhythm & Gangsta): The Masterpiece Promise I
9%
Malice n Wonderland Pronto
9%
Tha Blue Carpet Treatment Psst!
9%
Tha Doggfather Ride 4 Me
9%
Tha Blue Carpet Treatment Round Here
9%
Malice n Wonderland Secrets
9%
Da Game Is to Be Sold, Not to Be Told Show Me Love
9%
Tha Doggfather Sixx Minutes
9%
Tha Blue Carpet Treatment Mixtape Skit
9%
Da Game Is to Be Sold, Not to Be Told Slow Down
9%
No Limit Top Dogg Snoopafella
9%
Tha Doggfather Snoop Bounce
9%
R&G (Rhythm & Gangsta): The Masterpiece Snoop D.O. Double G
9%
Tha Doggfather Snoop's Upside Ya Head
9%
No Limit Top Dogg Somethin Bout Yo Bidness
9%
Malice n Wonderland Special
9%
R&G (Rhythm & Gangsta): The Masterpiece Step Yo Game Up
9%
Paid tha Cost to Be da Bo$$ Suited n Booted
9%
Tha Doggfather (Tear 'Em Off) Me and My Doggz
9%
I Wanna Rock Mixtape That's Tha Homie
9%
Malice n Wonderland That's tha Homie
9%
Tha Blue Carpet Treatment That's That Sh*t
9%
R&G (Rhythm & Gangsta): The Masterpiece The Bidness
9%
The City Is In Good Hands The City Is In Good Hands
9%
Paid tha Cost to Be da Bo$$ The One and Only
9%
Tha Doggfather Traffic Jam
9%
No Limit Top Dogg Trust Me
9%
Tha Doggfather Up Jump tha Boogie
9%
R&G (Rhythm & Gangsta): The Masterpiece Ups & Downs
9%
I Wanna Rock Mixtape | Malice n Wonderland Upside Down
9%
Tha Doggfather Vapors
9%
Paid tha Cost to Be da Bo$$ Wasn't Your Fault
9%
Da Game Is to Be Sold, Not to Be Told Whatcha Gon Do?
9%
Tha Doggfather When I Grow Up
9%
Tha Blue Carpet Treatment Which One of You
9%
Paid tha Cost to Be da Bo$$ You Got What I Want
9%
Tha Doggfather You Thought
9%
Welcome 2 Tha Chuuch - Vol. 1 A.D.I.D.A.C.
7%
Welcome 2 Tha Chuuch - Vol. 1 All I Want
7%
Tha Blue Carpet Treatment Mixtape All That I Need
7%
Welcome 2 Tha Chuuch - Vol. 3 Angry Tonite
7%
Ego Trippin' A Word Witchya! (Intro)
7%
Welcome 2 Tha Chuuch - Vol. 1 Bacc On the Blocc
7%
Tha Last Meal Back Up Off Me
7%
Tha Blue Carpet Treatment Mixtape Bad B***h
7%
Ego Trippin' Been Around tha World
7%
Tha Last Meal Brake Fluid (B******h Pump Yo Brakes)
7%
Tha Last Meal Bring It On
7%
Tha Blue Carpet Treatment Mixtape California Vacation
7%
R&G (Rhythm & Gangsta): The Masterpiece Can I Get a Flicc Witchu
7%
Ego Trippin' Can't Say Goodbye
7%
Welcome 2 Tha Chuuch - Vol. 8 (Preach Tabarnacal!) Can U Control Ya Hoe
7%
R&G (Rhythm & Gangsta): The Masterpiece Can U Control Yo Hoe
7%
Doggystyle Checkin'
7%
Doggystyle Class Room Intro
7%
Welcome 2 Tha Chuuch - Vol. 3 Come On Up To My Room
7%
Ego Trippin' Cool
7%
Welcome 2 Tha Chuuch - Vol. 5 (The Revival) C-Walkin'
7%
Ego Trippin' Deez Hollywood Nights
7%
Welcome 2 Tha Chuuch - Vol. 5 (The Revival) Diggy Smalls
7%
Welcome 2 Tha Chuuch - Vol. 1 Dodo Remix
7%
Welcome 2 Tha Chuuch - Vol. 6 (Testify) Dogg House
7%
Doggystyle Domino Intro
7%
Welcome 2 Tha Chuuch - Vol. 5 (The Revival) Don't Do That
7%
Welcome 2 Tha Chuuch - Vol. 5 (The Revival) Don't Do the Crime
7%
Welcome 2 Tha Chuuch - Vol. 1 Don't Look at Nann N***a!
7%
Welcome 2 Tha Chuuch - Vol. 1 DPG Life
7%
Welcome 2 Tha Chuuch - Vol. 1 Fa Real
7%
I Wanna Rock Mixtape F**k Yeaaah
7%
Welcome 2 Tha Chuuch - Vol. 3 Freaky Lil'
7%
Tha Last Meal Game Court (Skit)
7%
Tha Blue Carpet Treatment Mixtape Gang Bang 101
7%
Welcome 2 Tha Chuuch - Vol. 1 Gangsta Dicc
7%
Ego Trippin' Gangsta Like Me
7%
Welcome 2 Tha Chuuch - Vol. 2 Gangsta Sh*t
7%
Welcome 2 Tha Chuuch - Vol. 1 Gave 'Em a Few
7%
Welcome 2 Tha Chuuch - Vol. 6 (Testify) Get the Money
7%
Welcome 2 Tha Chuuch - Vol. 5 (The Revival) Ghetto Bird
7%
Tha Blue Carpet Treatment Mixtape Got My Own
7%
Welcome 2 Tha Chuuch - Vol. 1 Half Past Five
7%
Welcome 2 Tha Chuuch - Vol. 1 Hater In You
7%
Tha Last Meal Hennesey n Buddah
7%
Tha Blue Carpet Treatment Mixtape Hollywood
7%
Welcome 2 Tha Chuuch - Vol. 3 Hot Dat Girlz On Fire
7%
Tha Last Meal I Can't Swim
7%
No Limit Top Dogg In Love With a Thug
7%
Tha Last Meal Issues
7%
Welcome 2 Tha Chuuch - Vol. 3 It Blows My Mind
7%
Welcome 2 Tha Chuuch - Vol. 5 (The Revival) Keep On Blazin'
7%
Welcome 2 Tha Chuuch - Vol. 3 Kickin' It Rough
7%
Tha Blue Carpet Treatment Mixtape Killas
7%
The City Is In Good Hands Killaz
7%
Tha Blue Carpet Treatment Mixtape L.A. Zoo
7%
Welcome 2 Tha Chuuch - Vol. 1 LBC'n It Up
7%
Tha Last Meal Leave Me Alone
7%
Welcome 2 Tha Chuuch - Vol. 5 (The Revival) Let Her Be
7%
Ego Trippin' Let It Out
7%
Ego Trippin' Life of da Party
7%
Tha Blue Carpet Treatment Like This
7%
Tha Blue Carpet Treatment Mixtape Listen
7%
Tha Blue Carpet Treatment Mixtape Long Gone
7%
Tha Blue Carpet Treatment Mixtape | The City Is In Good Hands Look Around
7%
Tha Last Meal Loosen' Control
7%
Welcome 2 Tha Chuuch - Vol. 2 Love
7%
Welcome 2 Tha Chuuch - Vol. 3 Moet
7%
Ego Trippin' Neva Have 2 Worry
7%
Welcome 2 Tha Chuuch - Vol. 1 Never Scared Remix
7%
Da Game Is to Be Sold, Not to Be Told Pay for Pussy
7%
Welcome 2 Tha Chuuch - Vol. 8 (Preach Tabarnacal!) Pay For Pussy
7%
Welcome 2 Tha Chuuch - Vol. 1 P.I.M.P. Remix
7%
Welcome 2 Tha Chuuch - Vol. 1 Playa, Playa
7%
Tha Last Meal Ready 2 Ryde
7%
Tha Blue Carpet Treatment Mixtape Real One
7%
Ego Trippin' Ridin' in My Chevy
7%
Welcome 2 Tha Chuuch - Vol. 1 Run Up On U
7%
Welcome 2 Tha Chuuch - Vol. 5 (The Revival) Say B***h
7%
Ego Trippin' SD Is Out
7%
Tha Last Meal Set It Off
7%
Ego Trippin' Sets Up
7%
Welcome 2 Tha Chuuch - Vol. 2 So Fly
7%
Welcome 2 Tha Chuuch - Vol. 5 (The Revival) So Quicc N So Fast
7%
Welcome 2 Tha Chuuch - Vol. 2 So Wrong
7%
Tha Last Meal Stacey Adams
7%
Ego Trippin' Staxxx in My Jeans
7%
Welcome 2 Tha Chuuch - Vol. 5 (The Revival) Still On the Grind
7%
Welcome 2 Tha Chuuch - Vol. 5 (The Revival) Stormy Weather
7%
Welcome 2 Tha Chuuch - Vol. 3 Straight Ballin'
7%
Welcome 2 Tha Chuuch - Vol. 1 Succ a Dicc
7%
Welcome 2 Tha Chuuch - Vol. 6 (Testify) Succ Me
7%
Welcome 2 Tha Chuuch - Vol. 1 Succ Me Off
7%
Welcome 2 Tha Chuuch - Vol. 2 Take Our Losses
7%
Welcome 2 Tha Chuuch - Vol. 3 Take Your Time
7%
Tha Blue Carpet Treatment Mixtape Territory
7%
Welcome 2 Tha Chuuch - Vol. 5 (The Revival) Tha Throwbacc Mix
7%
Welcome 2 Tha Chuuch - Vol. 1 The Street
7%
Ego Trippin' Those Gurlz
7%
Welcome 2 Tha Chuuch - Vol. 5 (The Revival) Trouble
7%
Tha Last Meal True Lies
7%
Welcome 2 Tha Chuuch - Vol. 3 Vote For Snoop
7%
Tha Blue Carpet Treatment Mixtape Wannabes
7%
Welcome 2 Tha Chuuch - Vol. 3 Wanna Hump You
7%
Ego Trippin' Waste of Time
7%
Doggystyle W Balls
7%
Welcome 2 Tha Chuuch - Vol. 5 (The Revival) Weak at the Knees
7%
Tha Blue Carpet Treatment Mixtape We Do
7%
Welcome 2 Tha Chuuch - Vol. 1 We Smoke Pounds
7%
Welcome 2 Tha Chuuch - Vol. 5 (The Revival) Westcoast Poplock
7%
Ego Trippin' Whateva U Do
7%
Welcome 2 Tha Chuuch - Vol. 2 What This Dick Do
7%
Welcome 2 Tha Chuuch - Vol. 1 What You Desire
7%
Welcome 2 Tha Chuuch - Vol. 5 (The Revival) Whenever, Whatever
7%
Welcome 2 Tha Chuuch - Vol. 3 Where the Hoes At
7%
We Da West, Vol. 1 Why
7%
Ego Trippin' Why Did You Leave Me
7%
Tha Last Meal Wrong Idea
7%
Tha Last Meal Y'all Gone Miss Me
7%
Welcome 2 Tha Chuuch - Vol. 9 (Run Tell Dat) 12345678
5%
Welcome 2 Tha Chuuch - Vol. 4 (Sunday School) 2 In Da Mornin' (Mind Blowin')
5%
Welcome 2 Tha Chuuch - Vol. 7 (Step Ya Game Up) 99 Problemz
5%
We Da West, Vol. 1 Action
5%
We Da West, Vol. 1 Act Like Hoez
5%
The City Is In Good Hands After All
5%
The City Is In Good Hands Ain't It Man
5%
Welcome 2 Tha Chuuch - Vol. 7 (Step Ya Game Up) All 4 You
5%
We Da West, Vol. 1 All My B***hes
5%
Welcome 2 Tha Chuuch - Vol. 9 (Run Tell Dat) All the Girlz
5%
Welcome 2 Tha Chuuch - Vol. 7 (Step Ya Game Up) Amazing Ho
5%
I Wanna Rock Mixtape Ancient Chinese Secret
5%
Landy & Egg Nog (A DPG Christmas) A New XMas
5%
Landy & Egg Nog (A DPG Christmas) A Pimp's XMas
5%
The City Is In Good Hands ATL Theme Song
5%
Westside Reloaded Back On the Block
5%
Welcome 2 Tha Chuuch - Vol. 2 Beautiful (Remix)
5%
Welcome 2 Tha Chuuch - Vol. 7 (Step Ya Game Up) Big Girlz
5%
Welcome 2 Tha Chuuch - Vol. 1 Big Snoop Dogg Intro
5%
Puff Puff Pass Tuesdays Mixtape Vol. 1 Black & Yellow (G-Mix)
5%
I Wanna Rock Mixtape Blasten!
5%
Malice n Wonderland Bootiez Automatic
5%
Welcome 2 Tha Chuuch - Vol. 9 (Run Tell Dat) Bottom Girl
5%
Westside Reloaded Brooklyn to Compton
5%
Welcome 2 Tha Chuuch - Vol. 2 Call the Ambulance
5%
Westside Reloaded Can't Outmac a Mac
5%
Welcome 2 Tha Chuuch - Vol. 6 (Testify) Can't Wait
5%
Westside Reloaded Catch U In Da Club
5%
Landy & Egg Nog (A DPG Christmas) Christmas
5%
Landy & Egg Nog (A DPG Christmas) Christmas Outro
5%
Doggystyle Chronic Relief Intro
5%
Welcome 2 Tha Chuuch - Vol. 9 (Run Tell Dat) C. Mayfield
5%
Welcome 2 Tha Chuuch - Vol. 9 (Run Tell Dat) Come Out Yo Thang
5%
Welcome 2 Tha Chuuch - Vol. 6 (Testify) Come Up To My Room & F**c
5%
Welcome 2 Tha Chuuch - Vol. 7 (Step Ya Game Up) Congratulations
5%
Welcome 2 Tha Chuuch - Vol. 2 C.R.E.A.M.
5%
Welcome 2 Tha Chuuch - Vol. 9 (Run Tell Dat) Crippin' 2 Tuff
5%
Welcome 2 Tha Chuuch - Vol. 7 (Step Ya Game Up) C the Light
5%
The City Is In Good Hands Diamonds On My Neck
5%
I Wanna Rock Mixtape Dick N Gum
5%
Welcome 2 Tha Chuuch - Vol. 6 (Testify) Dogg House Soulfood
5%
Welcome 2 Tha Chuuch - Vol. 2 Doggy's G'd Up
5%
Welcome 2 Tha Chuuch - Vol. 9 (Run Tell Dat) Do It 2 Me (Remix)
5%
Welcome 2 Tha Chuuch - Vol. 2 Do It Til' It Hurt (Outro)
5%
Welcome 2 Tha Chuuch - Vol. 8 (Preach Tabarnacal!) Don't Let Me Be Lonely Tonight
5%
Welcome 2 Tha Chuuch - Vol. 4 (Sunday School) Dopeman
5%
Welcome 2 Tha Chuuch - Vol. 5 (The Revival) DPG 4 Life
5%
Puff Puff Pass Tuesdays Mixtape Vol. 1 Exersize
5%
Welcome 2 Tha Chuuch - Vol. 8 (Preach Tabarnacal!) F**c Wit Me
5%
We Da West, Vol. 1 F**k Da Grammys
5%
Welcome 2 Tha Chuuch - Vol. 7 (Step Ya Game Up) Flashback Bounce
5%
Welcome 2 Tha Chuuch - Vol. 7 (Step Ya Game Up) Fly Like an Eagle
5%
Welcome 2 Tha Chuuch - Vol. 3 Fly Ridez By
5%
Welcome 2 Tha Chuuch - Vol. 8 (Preach Tabarnacal!) Foolin' Yaself
5%
Welcome 2 Tha Chuuch - Vol. 2 Fo' Sho
5%
Welcome 2 Tha Chuuch - Vol. 2 Fo' Tha Money
5%
I Wanna Rock Mixtape | The City Is In Good Hands Fresh Like Me
5%
Welcome 2 Tha Chuuch - Vol. 8 (Preach Tabarnacal!) Full of Fire
5%
Puff Puff Pass Tuesdays Mixtape Vol. 1 Gangbang Rookie
5%
The City Is In Good Hands Gangsta Grillz Made It West!
5%
I Wanna Rock Mixtape Gangsta's Life
5%
Welcome 2 Tha Chuuch - Vol. 2 Getaway
5%
Welcome 2 Tha Chuuch - Vol. 7 (Step Ya Game Up) Get Da Picture
5%
The City Is In Good Hands Groupie B***h
5%
Welcome 2 Tha Chuuch - Vol. 9 (Run Tell Dat) Groupie Luv
5%
Welcome 2 Tha Chuuch - Vol. 8 (Preach Tabarnacal!) Happy People
5%
Welcome 2 Tha Chuuch - Vol. 8 (Preach Tabarnacal!) Hard 2 Get
5%
The City Is In Good Hands Haters
5%
Welcome 2 Tha Chuuch - Vol. 8 (Preach Tabarnacal!) Hello It's Me
5%
Welcome 2 Tha Chuuch - Vol. 2 Hey Ho
5%
Welcome 2 Tha Chuuch - Vol. 4 (Sunday School) Hey Young World
5%
Welcome 2 Tha Chuuch - Vol. 8 (Preach Tabarnacal!) Hoodlife
5%
Welcome 2 Tha Chuuch - Vol. 4 (Sunday School) How 2 Survive in S.C. (Remix)
5%
Welcome 2 Tha Chuuch - Vol. 8 (Preach Tabarnacal!) How to Beat a B***h Down
5%
The City Is In Good Hands Hustle Boyz
5%
Welcome 2 Tha Chuuch - Vol. 6 (Testify) I Can Read Your Mind (The G-Mix)
5%
Westside Reloaded Ice Cream 2003
5%
Puff Puff Pass Tuesdays Mixtape Vol. 1 I Don't Need No B***h
5%
The City Is In Good Hands If There's a Cure
5%
Welcome 2 Tha Chuuch - Vol. 9 (Run Tell Dat) I Met a Little Girl
5%
Landy & Egg Nog (A DPG Christmas) I Need My XO Landy
5%
Puff Puff Pass Tuesdays Mixtape Vol. 1 In My '64
5%
Puff Puff Pass Tuesdays Mixtape Vol. 1 In the Cadillac
5%
Welcome 2 Tha Chuuch - Vol. 7 (Step Ya Game Up) Intro to Soul Plane
5%
Welcome 2 Tha Chuuch - Vol. 8 (Preach Tabarnacal!) Intro to Tru Tank Doggz
5%
The City Is In Good Hands I Sit Back
5%
Puff Puff Pass Tuesdays Mixtape Vol. 1 It's D Only Thang
5%
We Da West, Vol. 1 I Wanna Rock Rmx
5%
Welcome 2 Tha Chuuch - Vol. 6 (Testify) Just Being Me
5%
Landy & Egg Nog (A DPG Christmas) Just Like XMas
5%
I Wanna Rock Mixtape Just Me and You
5%
Tha Blue Carpet Treatment Mixtape Keep Bouncing
5%
Landy & Egg Nog (A DPG Christmas) Landy In My Egg Nog
5%
The City Is In Good Hands Let Me In This B***h
5%
The City Is In Good Hands Let Me Know
5%
Welcome 2 Tha Chuuch - Vol. 4 (Sunday School) Let's Exchange Hoez
5%
Welcome 2 Tha Chuuch - Vol. 9 (Run Tell Dat) Let's Get F**ked Up
5%
Welcome 2 Tha Chuuch - Vol. 2 Like a Pimp
5%
Puff Puff Pass Tuesdays Mixtape Vol. 1 Lil & Bigg Homie
5%
Landy & Egg Nog (A DPG Christmas) Look Out It's XMas
5%
The City Is In Good Hands Love It When
5%
Welcome 2 Tha Chuuch - Vol. 9 (Run Tell Dat) Makes U Wanna
5%
Welcome 2 Tha Chuuch - Vol. 7 (Step Ya Game Up) Me & Your Girlfriend
5%
Paid tha Cost to Be da Bo$$ Mission Cleopatra
5%
Welcome 2 Tha Chuuch - Vol. 2 Money On the Floor
5%
Westside Reloaded Murderer
5%
Welcome 2 Tha Chuuch - Vol. 9 (Run Tell Dat) My Whole World Ended
5%
Puff Puff Pass Tuesdays Mixtape Vol. 1 New Year's Eve
5%
Welcome 2 Tha Chuuch - Vol. 9 (Run Tell Dat) Niggarrochie
5%
Welcome 2 Tha Chuuch - Vol. 6 (Testify) Night Locs (Chuuch Version)
5%
Welcome 2 Tha Chuuch - Vol. 9 (Run Tell Dat) Nite N Day
5%
Welcome 2 Tha Chuuch - Vol. 8 (Preach Tabarnacal!) Not My Type
5%
Welcome 2 Tha Chuuch - Vol. 4 (Sunday School) Nuthin' Without Me
5%
Tha Blue Carpet Treatment Mixtape Pass That
5%
Welcome 2 Tha Chuuch - Vol. 5 (The Revival) Pass That Dutch B***h
5%
Welcome 2 Tha Chuuch - Vol. 4 (Sunday School) Pimpin' On a Hoe
5%
Puff Puff Pass Tuesdays Mixtape Vol. 1 Platinum
5%
Welcome 2 Tha Chuuch - Vol. 6 (Testify) Prayer Line
5%
We Da West, Vol. 1 Problem
5%
I Wanna Rock Mixtape Protocall
5%
Puff Puff Pass Tuesdays Mixtape Vol. 1 Puff Puff Pass Intro
5%
Puff Puff Pass Tuesdays Mixtape Vol. 1 Purp & Yellow (LA Leaker Skeetox Remix)
5%
Puff Puff Pass Tuesdays Mixtape Vol. 1 Raised In Da Hood
5%
Puff Puff Pass Tuesdays Mixtape Vol. 1 Really Raw
5%
Tha Blue Carpet Treatment Mixtape Real Sh*t
5%
Puff Puff Pass Tuesdays Mixtape Vol. 1 Respect the Pimpin
5%
The City Is In Good Hands Ridaman
5%
Welcome 2 Tha Chuuch - Vol. 9 (Run Tell Dat) Rollin' Down tha Highway
5%
Welcome 2 Tha Chuuch - Vol. 9 (Run Tell Dat) Runnin' Out of Time
5%
We Da West, Vol. 1 Same Sh*t
5%
I Wanna Rock Mixtape Section 8
5%
Westside Reloaded See Murda
5%
Welcome 2 Tha Chuuch - Vol. 8 (Preach Tabarnacal!) Sha-La-La (Make Me Happy)
5%
I Wanna Rock Mixtape Shootumup
5%
Welcome 2 Tha Chuuch - Vol. 6 (Testify) Slap Dat B***h
5%
Landy & Egg Nog (A DPG Christmas) Smokin' XMas Trees
5%
Welcome 2 Tha Chuuch - Vol. 8 (Preach Tabarnacal!) Snoopaman
5%
Landy & Egg Nog (A DPG Christmas) Snoop Intro
5%
The City Is In Good Hands Snoop's Theme
5%
We Da West, Vol. 1 So Cool So Fly
5%
Welcome 2 Tha Chuuch - Vol. 6 (Testify) So High
5%
The City Is In Good Hands Some High Ass Sh*t!!!!
5%
Welcome 2 Tha Chuuch - Vol. 7 (Step Ya Game Up) Soul Plane (The G Mix)
5%
Westside Reloaded South Side Til I Die
5%
Welcome 2 Tha Chuuch - Vol. 7 (Step Ya Game Up) Start Pimpin
5%
Welcome 2 Tha Chuuch - Vol. 7 (Step Ya Game Up) Step Ya Game Up
5%
Welcome 2 Tha Chuuch - Vol. 7 (Step Ya Game Up) Step Ya Game Up Outro
5%
Welcome 2 Tha Chuuch - Vol. 2 Straight Fo' Tha Trucks
5%
Welcome 2 Tha Chuuch - Vol. 8 (Preach Tabarnacal!) Strip
5%
Welcome 2 Tha Chuuch - Vol. 8 (Preach Tabarnacal!) Stylafornia
5%
Welcome 2 Tha Chuuch - Vol. 9 (Run Tell Dat) Summpertime
5%
We Da West, Vol. 1 Tha Set Up
5%
Puff Puff Pass Tuesdays Mixtape Vol. 1 That Good
5%
I Wanna Rock Mixtape The Cure
5%
The City Is In Good Hands The Lookout
5%
The City Is In Good Hands The President
5%
Welcome 2 Tha Chuuch - Vol. 4 (Sunday School) These Muthaf**kaz
5%
Welcome 2 Tha Chuuch - Vol. 7 (Step Ya Game Up) The Weekend
5%
Welcome 2 Tha Chuuch - Vol. 7 (Step Ya Game Up) They Don't Know
5%
Welcome 2 Tha Chuuch - Vol. 2 This Is the Way We Pimp
5%
We Da West, Vol. 1 Too Many
5%
Puff Puff Pass Tuesdays Mixtape Vol. 1 Toot It & Boot It (G-Mix)
5%
Da Game Is to Be Sold, Not to Be Told Tru Tank Doggs
5%
Welcome 2 Tha Chuuch - Vol. 8 (Preach Tabarnacal!) Tru Tank Doggz
5%
Welcome 2 Tha Chuuch - Vol. 2 U Must Learn
5%
Westside Reloaded Untitled
5%
Welcome 2 Tha Chuuch - Vol. 9 (Run Tell Dat) Walk Away from Love
5%
Welcome 2 Tha Chuuch - Vol. 7 (Step Ya Game Up) Warn Ya
5%
The City Is In Good Hands Watch This
5%
Welcome 2 Tha Chuuch - Vol. 4 (Sunday School) Way I Am (Remix)
5%
We Da West, Vol. 1 We Da West
5%
We Da West, Vol. 1 West Side Rollin
5%
Puff Puff Pass Tuesdays Mixtape Vol. 1 Wet (G-Mix)
5%
The City Is In Good Hands What I Do
5%
Welcome 2 Tha Chuuch - Vol. 2 What's Your Fantasy
5%
Welcome 2 Tha Chuuch - Vol. 9 (Run Tell Dat) What U Hatin' Fo
5%
Welcome 2 Tha Chuuch - Vol. 4 (Sunday School) Where You're Goin'
5%
Welcome 2 Tha Chuuch - Vol. 4 (Sunday School) Whoop Your A$$
5%
Welcome 2 Tha Chuuch - Vol. 6 (Testify) Woodstock
5%
I Wanna Rock Mixtape World of a Gangsta
5%
Landy & Egg Nog (A DPG Christmas) XMas with DPG's
5%
I Wanna Rock Mixtape DJ Skee Intro
2%
I Wanna Rock Mixtape DJ Skee Outro
2%
Tha Doggfather Downtown Associates
2%
Landy & Egg Nog (A DPG Christmas) Everday Is Like XMas to Me
2%
No matching quizzes found
Score Distribution
Percent of People with Each Score
Percentile by Number Answered
Your Score History
You have not taken this quiz